| 000 | 00451nam a2200205Ia 4500 | ||
|---|---|---|---|
| 003 | 0100 | ||
| 008 | 130303s9999 xx 000 0 und d | ||
| 020 | _a852550219 | ||
| 040 | _cARRUPELIB | ||
| 050 | _aJQ2947.A2B47 1992B | ||
| 100 | _aBerman, Bruce | ||
| 245 | _aUnhappy valley | ||
| 245 | _bconflict in Kenya Africa | ||
| 260 | _aLondon | ||
| 260 | _bJ.Currey | ||
| 260 | _C1992 | ||
| 300 | _a23cm | ||
| 700 | _aBruce Berman | ||
| 942 | 0 | 0 | _01 |
| 999 |
_c9589 _d9589 |
||